Svätá Terézia z Lisieux životopis : reedícia knihy Svetlo z Lisieux

Bibliographic Details
Main Author: Hlinka, Anton, 1926-2011 (Author)
Format: Book
Language:Slovak
PhysicalDescription:229 s. ilustr. 20 cm
Published: Bratislava Don Bosco 2015
ISBN:9788080743345
Edition:3. vyd.
Subjects:

MARC

LEADER 00000nam a2200000 a 4500
001 vtls011509299
003 SK-MaSNL
005 20260302051616.0
008 240318s2015 xo o g h 000 0bslo
015 |a SNBA2016/08 
020 |a 9788080743345  |q (brož.) 
035 |a 8E1CE366-03A4-4B33-81FC-D6D27555D736 
035 |a urn:nbn:sk:snk-amthew 
035 |a urn:nbn:sk:snk-am00bnbn 
040 |a SNK  |b slo  |c SNK  |e AACR2 
041 0 |a slo 
043 |a e-fr--- 
044 |a xo  |c SK 
072 7 |a 27  |x Kresťanstvo. Kresťanská cirkev všeobecne. Ekleziológia  |2 konspekt 
072 7 |a 929  |x Biografie  |2 konspekt 
080 |a 27-36-055.2  |2 2011 
080 |a 27-58  |2 2011 
080 |a (092)  |2 2011 
080 |a 27-4  |2 2011 
080 |a 27-584  |2 2011 
080 |a ( 44)  |2 2011 
080 |a 27-788  |2 2011 
080 |a 27-789.34-055.2  |2 2011 
100 1 |a Hlinka, Anton,  |d 1926-2011  |4 aut  |9 92283 
245 1 0 |a Svätá Terézia z Lisieux  |b životopis : reedícia knihy Svetlo z Lisieux  |c Anton Hlinka 
246 3 |a Terézia z Lisieux 
250 |a 3. vyd. 
260 |a Bratislava  |b Don Bosco  |c 2015 
300 |a 229 s.  |b ilustr.  |c 20 cm 
500 |a Chronologický prehľad 
500 |a Celkovo 9. vyd. 
600 0 7 |a Terézia,  |c z Lisieux, svätá,  |d 1873-1897  |2 SNKMA  |9 157804 
648 7 |a 19. stor.  |2 SNKPH  |9 278793 
648 7 |a 19th century  |2 SNKPHeng  |9 306372 
650 0 7 |a svätice  |2 SNKPH  |9 75500 
650 0 7 |a karmelitánky  |2 SNKPH  |9 73601 
650 0 7 |a kresťanský život  |2 SNKPH  |9 1808 
650 0 7 |a duchovný život  |2 SNKPH  |9 1807 
650 0 7 |a rehoľný život  |2 SNKPH  |9 67225 
650 0 7 |a kresťanská spiritualita  |2 SNKPH  |9 67203 
650 0 7 |a Carmelite nuns  |2 SNKPHeng  |9 335079 
650 0 7 |a Christian women saints  |2 SNKPHeng  |9 332490 
650 0 7 |a Christian life  |2 SNKPHeng  |9 265582 
650 0 7 |a Monastic life  |2 SNKPHeng  |9 302512 
650 0 7 |a Spiritual life  |2 SNKPHeng  |9 265583 
650 0 7 |a Christian spirituality  |2 SNKPHeng  |9 302811 
651 7 |a Francúzsko  |2 SNKPH  |9 15907 
651 7 |a France  |2 SNKPHeng  |9 162309 
655 7 |a biografie  |2 SNKPH  |9 27965 
655 7 |a Biography  |2 SNKPHeng  |9 266314 
919 |a 978-80-8074-334-5 
958 |a NT 
958 |a BC 
999 |c 1101852  |d 1103782 
952 |a SNK  |b SNK  |y PREZ  |7 0  |p 17A1199838  |o snkSD 85442  |i snk2016/17879  |8 0  |0 0  |1 0  |4 0  |d 2016-07-27  |f 1  |l 0  |r 2026-02-24 17:33:43  |w 2026-02-24 
952 |a SNK  |b SNK  |y VYP  |7 0  |p 17A1199839  |o snkSD 85442 D1  |i snk2016/17880  |8 0  |0 0  |1 0  |4 0  |d 2016-07-27  |l 0  |r 2026-02-24 17:33:43  |w 2026-02-24